000
00328nam a2200133Ia 4500
008
150201s2006 xx 000 0 und d
082
_a
611
_b
A06K
100
_a
KULKARNI,NEETA V
245
_a
CLINICAL ANATOMY FOR STUDENTS
250
_a
1ST
260
_b
JAYPEE BROTHERS
_a
DELHI
_c
2006
650
_a
HUMAN ANATOMY
942
_2
ddc
_c
BK
999
_c
921
_d
921